000
00288nam a2200109Ia 4500
008
230907s9999||||xx |||||||||||||| ||und||
082
_a
631.52
_b
BLU
245
0
_a
Plant breeding for water-limited environments /
260
_a
Springer,
_b
New York :
_c
2011
300
_a
255 p.
942
_c
BK
999
_c
599921
_d
599921